El mito roto : (Registro nro. 8119)

Detalles MARC
000 -LIDER
fixed length control field 01391nam a2200373 a 4500
001 - NÚMERO DE CONTROL
Identificador de número de control 000004530
003 - IDENTIFICACDOR DE NÚMERO DE CONTROL
control field DO-SdBNP
005 - DATE AND TIME OF LATEST TRANSACTION
control field 20220225125652.0
007 - CAMPOS FIJOS DE DESCRIPCIÓN FÍSICA
fixed length control field 000004530
008 - ELEMENTOS DE LONGITUD FIJA
fixed length control field 090723s2007 mx b 000 spa d
020 ## - ISBN
International Standard Book Number 9789682327261
040 ## - FUENTE DE CATALOGACIÓN
Agencia que crea de manera original el registro BPMSU
Idioma de catalogación spa
Agencia que realiza la transcripción BPMSU
082 ## - NÚMERO DE CLASIFICACIÓN DECIMAL DE DEWEY
Classification number 320.97293
Item number F281m 2007
Edition number 22
092 ## - LOCALLY ASSIGNED DEWEY DECIMAL CALL NUMBER
Número de edición
100 1# - ASIENTO PRINCIPAL -- NOMBRE PERSONAL
Nombre personal Faxas, Laura
245 13 - MENCIÓN DE TITULO
Título El mito roto :
Subtítulo sistema político y movimiento popular en la República Dominicana, 1961-1990 /
Mención de responsabilidad Laura Faxas; prefácio Alain Touraine.
260 ## - PUBLICACIÓN, DISTRIBUCIÓN, ETC. (PIE DE IMPRENTA)
Lugar de publicación, distribución, etc México, :
Nombre del editor, distribuidor, etc. FUNGLODE ;
-- FLACSO ;
-- Siglo XXI
Fecha de publicación, distribución, etc 2007.
300 ## - DESCRIPCIÓN FÍSICA
Extensión 367 p. :
Otros detalles físicos map. ;
Dimensiones 23 cm.
490 0# - MENCIÓN DE SERIES
Mención de serie Historia inmediata
500 ## - NOTA GENERAL
Nota general Incluye datos biográficos de la autora en la solapa de la cubierta
500 ## - NOTA GENERAL
Nota general Incluye referencias bibliográficas y notas al pie de las páginas
500 ## - NOTA GENERAL
Nota general Incluye índice
504 ## - NOTA DE BIBLIOGRAFÍA, ETC.
Bibliography, etc Bliográficas : p. 343-358
590 ## - NOTA LOCAL
Enlace Inventariado, 2022/VM
651 #4 - ENCABEZAMIENTO DE MATERIA--NOMBRE GEOGRÁFICO
Nombre geográfico República Dominicana
Subdivisión temática general Polítcia y gobierno,
Subdivisión cronológica 1961-1990
651 #4 - ENCABEZAMIENTO DE MATERIA--NOMBRE GEOGRÁFICO
Nombre geográfico República Dominicana
Subdivisión temática general Historia
Subdivisión cronológica 1961-1990
700 1# - ASIENTO SECUNDARIO -- NOMBRE PERSONAL
Nombre personal Touraine, Alain
710 2# - ASIENTO SECUNDARIO -- NOMBRE CORPORATIVO
Nombre corporativo o de jurisdicción Fundación Global de Democracia y Desarrollo (República Dominicana)
710 2# - ASIENTO SECUNDARIO -- NOMBRE CORPORATIVO
Nombre corporativo o de jurisdicción Faculdad Latinoamericana de Ciencias Sociales
910 ## - VALIDACIÓN
Validación VMateo V.
942 ## - ADDED ENTRY ELEMENTS (KOHA)
Source of classification or shelving scheme Dewey Decimal Classification
Koha item type Libros
945 ## - INFORMACIÓN DE PROCESAMIENTO LOCAL
Información de procesamiento local Titulo remanejado para la BNPHU
956 ## - LOCAL ELECTRONIC LOCATION AND ACCESS (OCLC)
Nombre de host VMATEO
Número de acceso 10
Información de compresión 20150807
Inicio de sesión BPMSU
Procesador de solicitud 00151
Existencias
Withdrawn status Lost status Source of classification or shelving scheme Damaged status Not for loan Collection code Home library Current library Date acquired Total Checkouts Full call number Barcode Date last seen Price effective from Koha item type
    Dewey Decimal Classification     Colección Dominicana Biblioteca Pública Metropolitana Salomé Ureña Biblioteca Pública Metropolitana Salomé Ureña 08/07/2015   BPMSU CD 320.97293 F281m BPMSU15080214 08/07/2015 08/07/2015 Libros